000 00288nam a22001337a 4500
008 181106b xxu||||| |||| 00| 0 eng d
020 _a9780071440240
041 _aeng
080 _a330
100 _a58
101 _aBUS
245 _aBusiness Statistics
_cKemp.S.M
942 _2udc
_cBK
999 _c52049
_d52049